|
|
|
|
| LEADER |
00000nam a2200000 4500 |
| 001 |
vtls012065327 |
| 003 |
SK-MaSNL |
| 005 |
20260301104128.0 |
| 008 |
250414s2007 rb g 000 0 slo |
| 015 |
|
|
|a SNBZSE2022
|
| 040 |
|
|
|a SNK
|b slo
|c SNK
|e AACR2
|
| 041 |
0 |
|
|a slo
|
| 043 |
|
|
|a e-rb---
|a x------
|
| 044 |
|
|
|a rb
|c RS
|
| 072 |
|
7 |
|a 398
|x Folklór. Ľudové tradície
|2 konspekt
|
| 080 |
|
|
|a 394.2:398
|2 2011
|
| 080 |
|
|
|a (=162.4)
|2 2011
|
| 080 |
|
|
|a 72/76:061.2
|2 2011
|
| 080 |
|
|
|a 7.071:398
|2 2011
|
| 080 |
|
|
|a (497.11)
|2 2011
|
| 080 |
|
|
|a (100)
|2 2011
|
| 080 |
|
|
|a (036)
|2 2011
|
| 080 |
|
|
|a (083.97)
|2 2011
|
| 111 |
2 |
|
|a Folklórny festival Tancuj, Tancuj
|d (2007 :
|c Stará Pazova, Srbsko)
|4 aut
|9 442379
|
| 245 |
0 |
0 |
|a Informátor
|b tancuj, tancuj- : festival hudobno-tanečnej tvorby : 27. mája 2007, Stará Pazova
|c pripravili: Michal Gíreg, Vladislav Pop a Jaroslav Litavský
|
| 246 |
3 |
0 |
|a Tancuj, tancuj-
|
| 264 |
|
1 |
|a [Stará Pazova]
|b [vydavateľ nie je známy]
|c 2007
|
| 300 |
|
|
|a 9 nečíslovaných strán
|c 21 cm
|
| 336 |
|
|
|a text
|b txt
|2 rdacontent
|
| 337 |
|
|
|a bez média
|b n
|2 rdamedia
|
| 338 |
|
|
|a zväzok
|b nc
|2 rdacarrier
|
| 366 |
|
|
|e 500 výtlačkov
|
| 500 |
|
|
|a Názov z obálky
|
| 650 |
0 |
7 |
|a folklórne festivaly
|2 SNKPH
|9 29324
|
| 650 |
0 |
7 |
|a Slováci
|z Srbsko
|2 SNKPH
|9 317078
|
| 650 |
0 |
7 |
|a Slováci v zahraničí
|2 SNKPH
|9 14695
|
| 650 |
0 |
7 |
|a umelecké spolky
|z krajiny sveta
|2 SNKPH
|9 442380
|
| 650 |
0 |
7 |
|a folklórne súbory
|2 SNKPH
|9 28685
|
| 650 |
0 |
7 |
|a Folklore festivals
|2 SNKPHeng
|9 330882
|
| 650 |
0 |
7 |
|a Slovaks
|z Serbia
|2 SNKPHeng
|9 332320
|
| 650 |
0 |
7 |
|a Slovaks in foreign
|2 SNKPHeng
|9 265147
|
| 650 |
0 |
7 |
|a Art associations
|z countries of the world
|2 SNKPHeng
|9 442381
|
| 650 |
0 |
7 |
|a Folklore ensembles
|2 SNKPHeng
|9 322903
|
| 651 |
|
7 |
|a Stará Pazova (Srbsko)
|2 SNKPH
|9 30669
|
| 651 |
|
7 |
|a Stara Pazova (Serbia)
|2 SNKPHeng
|9 156376
|
| 655 |
|
7 |
|a informačné publikácie
|2 SNKPH
|9 70181
|
| 655 |
|
7 |
|a programy
|2 SNKPH
|9 70598
|
| 655 |
|
7 |
|a Information publications
|2 SNKPHeng
|9 265188
|
| 655 |
|
7 |
|a Pograms
|2 SNKPHeng
|9 442382
|
| 700 |
1 |
|
|a Gíreg, Michal
|4 com
|9 442383
|
| 700 |
1 |
|
|a Pop, Vladislav
|4 com
|9 442384
|
| 700 |
1 |
|
|a Litavský, Jaroslav
|4 com
|9 442385
|
| 852 |
|
|
|a Slovenská národná knižnica
|
| 954 |
|
|
|a iná literatúra (príručky, kuchárke knihy, hobby literatúra, sprievodcovia) pôvodná (slovenská)
|
| 958 |
|
|
|a ZS
|
| 958 |
|
|
|a NM
|
| 999 |
|
|
|c 697302
|d 699232
|
| 952 |
|
|
|a SNK
|b SNK
|y PREZ
|7 0
|p 17A1448170
|o snkOSC 29309
|i snk2021/10235
|8 1
|0 0
|1 0
|4 0
|d 2021-08-12
|l 0
|r 2026-02-23 20:46:17
|w 2026-02-23
|